Statystyki dla Flagi Oceanii

Kliknij tutaj aby rozwiązać quiz!

Ogólne statystyki

  • Ten quiz został rozwiązany 93 razy
  • Średni wynik to 12 z 14

Statystyki odpowiedzi

Odpowiedź% Poprawnych
Australia
100%
Nowa Zelandia
100%
Papua Nowa Gwinea
96%
Mikronezja
87%
Fidżi
83%
Wyspy Marshalla
83%
Kiribati
82%
Nauru
79%
Palau
79%
Samoa
79%
Tonga
78%
Wyspy Salomona
78%
Vanuatu
76%
Tuvalu
72%

Rozkład punktacji

Percentyl według liczby udzielonych odpowiedzi

Procent ludzi z każdym wynikiem

Twoja historia wyników

Nie rozwiązałeś tego quizu